Nombra todos los equipos de la Premier League, luego ciudades estadios - Estadísticas

Estadísticas generales
  • Esta prueba ha sido intentada 202 veces
  • La puntuación promedio es 35 de 60
Estadísticas de respuestas
Hint Respuesta % Correcto
Manchester
99%
Manchester
99%
Chelsea
93%
Liverpool
93%
Liverpool
93%
Manchester United
93%
Manchester City
92%
Equipos Arsenal
90%
Ciudades London
85%
London
85%
London
85%
London
85%
London
85%
London
85%
London
85%
London
85%
Everton
80%
Equipo Aston Villa
77%
Old Trafford
76%
Anfield
72%
Crystal Palace
72%
Fulham
72%
Brighton
70%
Ciudad Birmingham
68%
Tottenham Hotspur
68%
Wolverhampton
67%
Etihad Stadium
66%
West Ham United
65%
Estadios Emirates Stadium
63%
Newcastle United
62%
Brentford
60%
Stamford Bridge
60%
Team Bournemouth
59%
City Bournemouth
59%
Burnley
59%
Burnley
59%
Nottingham Forest
57%
Luton
56%
Luton Town
54%
Brighton & Hove Albion
53%
Sheffield
52%
Sheffield United
49%
Estadio Villa Park
49%
Wolverhampton Wanderers
46%
Goodison Park
40%
London Stadium
37%
Tottenham Hotspur Stadium
34%
St James' Park
32%
Craven Cottage
26%
Molineux Stadium
23%
Selhurst Park
20%
Newcastle upon Tyne
18%
Turf Moor
18%
Stadium Vitality Stadium
18%
American Express Stadium
14%
City Ground
13%
Bramall Lane
7%
Gtech Community Stadium
6%
Kenilworth Road
6%
Bridgford
1%
No se encontraron pruebas coincidentes
Distribución de puntuación
Porcentaje de gente con cada puntuación
Porcentaje por número respondido
Historial de tus puntuaciones
No has intentado esta prueba.